Statistics for Most Famous Pop Artists

Click here to take the quiz!

General Stats

  • This quiz has been taken 202 times
  • The average score is 12 of 15

Answer Stats

Greatest HitAnswer% Correct
RoarKaty Perry
92%
ThrillerMichael Jackson
92%
Shake It OffTaylor Swift
92%
Poker FaceLady Gaga
91%
HelloAdele
89%
Single Ladies (Put A Ring On It)Beyonce
87%
BabyJustin Bieber
85%
Like a VirginMadonna
83%
DiamondsRihanna
80%
I Will Always Love YouWhitney Houston
80%
What Makes You BeautifulOne Direction
79%
GrenadeBruno Mars
77%
TiK ToKKesha
77%
...Baby One More TimeBritney Spears
74%
TimberPitbull
65%

Score Distribution

Percentile by Number Answered

Percent of People with Each Score

Your Score History

You have not taken this quiz